000 00639cam a22002294a 4500
005 20250605164306.0
008 250528s ||||||||||||||||||||||||d
035 _a22271
020 _a9789609552707
040 _aGR-AtMCL
_bgre
_dGR-AtMCL
_eAACR2
245 1 _aΠΑΙΔΙΑ ΚΑΙ ΝΕΟΙ ΜΕ ΠΡΟΒΛΗΜΑΤΑ ΟΡΑΣΗΣ
250 _a1
260 _bΠεδίο,
_c2011
300 _a693
700 1 _aMason Heather
_93939
700 1 _aMccall Stephen
_93940
700 1 _aΖωνιου-Σιδερη Αθηνα
700 1 _aΝτεροπουλου-Ντερου
_98137
942 _cBK
999 _c7327
_d7327